000 00399nam a2200169Ia 4500
001 8425
003 IN-NITTTR
005 20251114233038.0
008 251113s9999||||xx |||||||||||||| ||eng||
040 _beng
040 _cIN-NITTTR
041 _aeng
082 _a658.4 D266A
100 _aDastur, R. H.
245 0 _aAre you killing yourself, mr. executive? /
_cDastur, R. H.
942 _2ddc
_cBK
999 _c11063
_d11063